Văn hoá dân gian người Tày - Nùng Cao Bằng
Giới thiệu một số quan niệm dân gian truyền thống của người Tày - Nùng về "khoăn" và tiến trình của lễ Pay Sử và 1 số loại hình nghệ thuật
Đã lưu trong:
| Tác giả chính: | |
|---|---|
| Định dạng: | Sách |
| Năm xuất bản: |
H.
Lao động
2012
|
| Chủ đề: | |
| Tags: |
Thêm thẻ
Không có thẻ, Hãy là người đầu tiên gắn thẻ bản ghi này!
|
| LEADER | 00805nam a2200181 4500 | ||
|---|---|---|---|
| 082 | |a 398.20959712 |b TR309TH | ||
| 100 | |a Triệu Thị Mai | ||
| 245 | |a Văn hoá dân gian người Tày - Nùng Cao Bằng |c Triệu Thị Mai | ||
| 260 | |a H. |b Lao động |c 2012 | ||
| 300 | |a 772 tr. |c 21 cm | ||
| 520 | |a Giới thiệu một số quan niệm dân gian truyền thống của người Tày - Nùng về "khoăn" và tiến trình của lễ Pay Sử và 1 số loại hình nghệ thuật | ||
| 653 | |a Văn hoá dân gian Việt Nam | ||
| 653 | |a Dân tộc Tày | ||
| 653 | |a Dân tộc Nùng | ||
| 653 | |a Cao Bằng | ||
| 942 | |2 ddc |c SH | ||
| 999 | |c 8069 |d 8069 | ||
| 952 | |0 0 |1 0 |2 ddc |4 0 |6 398_209597120000000_TR309TH |7 0 |8 300 |9 69158 |a qbu |b qbu |c D2 |d 2015-03-31 |o 398.20959712 TR309TH |p 7971.c1 |r 0000-00-00 |w 2015-03-31 |y SH | ||